000 02018cam a2200157 4500500
005 20260208030244.0
041 _afre
042 _adc
100 1 0 _aCormier, Jacques
_eauthor
245 0 0 _aLa Lettre Clandestine, revue annuelle publiée par les universités de Saint-Étienne, de Paris I, de Paris IV et de Paris XII, sous la direction d’OLIVIER BLOCH et ANTONY MC KENNA, n° 7,1998, Paris, Presses de l’Université de Paris-Sorbonne, 1999. Un vol. 14,5 × 21 de 398 p. ISBN 2-84050-130-9. N° 8,1999, Paris, Presses de l’Université de Paris-Sorbonne, 2000. Un vol. 14,5 × 21 de 321 p. ISBN 2-84050-163-5. N° 9,2000, Paris, Presses de l’Université de Paris-Sorbonne, 2001. Un vol. 14,5 × 21 de 432 p. ISBN 2-84050-199-6.
260 _c2003.
500 _a65
520 _aLa correspondance d’André Rolland de Renéville avec Saint-Pol-Roux partiellement publiée dans le premier numéro du Grand Jeu semble s’inscrire dans la filiation des surréalistes qui avaient remis à l’honneur le Mage de Camaret en 1925. Pourtant, cette correspondance se veut avant tout l’expression d’un dépassement du Surréalisme qui, reformulant la figure du poète finistérien, propose implicitement une interprétation nouvelle de ses images et leur donne un sens métaphysique qui témoigne de l’infléchissement ésotériste apporté par Renéville à la doctrine du Grand Jeu. Bien des années plus tard, quand Aragon s’en prend à l’introduction d’Anciennetés que Renéville avait écrite pour les Éditions du Seuil, la guerre et la mort tragique de Saint-Pol-Roux sont venus brouiller les termes du débat, mais les enjeux demeurent les mêmes : derrière le mythe de Saint-Pol-Roux, c’est toujours une conception de la poésie qui s’avance.
786 0 _nRevue d'histoire littéraire de la France | 103 | 2 | 2003-04-01 | p. 463n-508n | 0035-2411
856 4 1 _uhttps://shs.cairn.info/revue-d-histoire-litteraire-de-la-france-2003-2-page-463n?lang=fr&redirect-ssocas=7080
999 _c1661913
_d1661913